[Event "Belgrade-chT"]
[Site "Belgrade"]
[Date "2014.09.27"]
[Round "8.2"]
[White "Lorens Ristovic, Lami M"]
[Black "Babic, Dragan U"]
[Result "1/2-1/2"]
[WhiteElo "2095"]
[BlackElo "2097"]
[PlyCount "47"]
[EventDate "2014.09.20"]
[EventType "team-tourn"]
[EventRounds "11"]
[EventCountry "SRB"]
[SourceTitle "CBM 162 Extra"]
[Source "ChessBase"]
[SourceDate "2014.10.17"]
[SourceVersion "1"]
[SourceVersionDate "2014.10.17"]
[SourceQuality "1"]
[WhiteTeam "Politika"]
[BlackTeam "Grocka"]
[WhiteTeamCountry "SRB"]
[BlackTeamCountry "SRB"]

1. c4 Nf6 2. Nc3 d5 3. cxd5 Nxd5 4. g3 c5 5. Bg2 Nxc3 6. bxc3 Qc7 7. h4 Nc6 8. Nh3 e5 9. d3 Bd6 10. Ng5 0-0 11. 0-0 Bg4 12. Be3 Rad8 13. Ne4 b6 14. f3 Be6 15. Qa4 Be7 16. Bf2 c4 17. dxc4 Na5 18. c5 bxc5 19. Rfd1 Nc4 20. Qc2 h6 21. g4 f5 22. gxf5 Bxf5 23. Qb3 Be6 24. Rxd8 1/2-1/2

[Event "Belgrade-chT"]
[Site "Belgrade"]
[Date "2014.09.24"]
[Round "5.6"]
[White "Peovic, Milos"]
[Black "Babic, Dragan U"]
[Result "1-0"]
[WhiteElo "2254"]
[BlackElo "2097"]
[PlyCount "30"]
[EventDate "2014.09.20"]
[EventType "team-tourn"]
[EventRounds "11"]
[EventCountry "SRB"]
[SourceTitle "CBM 162 Extra"]
[Source "ChessBase"]
[SourceDate "2014.10.17"]
[SourceVersion "1"]
[SourceVersionDate "2014.10.17"]
[SourceQuality "1"]
[WhiteTeam "Belgrade Sigurnost"]
[BlackTeam "Grocka"]
[WhiteTeamCountry "SRB"]
[BlackTeamCountry "SRB"]

1. e4 c5 2. Nf3 a6 3. d4 cxd4 4. Nxd4 d6 5. Nc3 Nf6 6. Be3 e6 7. Be2 Be7 8. 0-0 0-0 9. h3 b5 10. Bd3 Bb7 11. Qe2 Nc6 12. a4 b4 13. Na2 a5 14. Nb3 Qd7 15. Kh1 Rfc8 1-0

[Event "Belgrade-chT"]
[Site "Belgrade"]
[Date "2013.10.20"]
[Round "9.3"]
[White "Babic, Dragan U"]
[Black "Milosavljevic, Dusan"]
[Result "1/2-1/2"]
[WhiteElo "2098"]
[BlackElo "2120"]
[PlyCount "20"]
[EventDate "2013.10.12"]
[EventType "team-tourn"]
[EventRounds "11"]
[EventCountry "SRB"]
[SourceTitle "EXT 2014"]
[Source "ChessBase"]
[SourceDate "2013.11.20"]
[SourceVersion "1"]
[SourceVersionDate "2013.11.20"]
[SourceQuality "1"]
[WhiteTeam "Grocka"]
[BlackTeam "GSP Polet"]
[WhiteTeamCountry "SRB"]
[BlackTeamCountry "SRB"]

1. d4 d5 2. Nf3 e6 3. Bf4 Bd6 4. Bg3 Nf6 5. e3 0-0 6. Bd3 b6 7. 0-0 Bxg3 8. hxg3 c5 9. c4 dxc4 10. Bxc4 Ba6 1/2-1/2

[Event "Belgrade-chT Quality"]
[Site "Belgrade"]
[Date "2012.10.29"]
[Round "7.4"]
[White "Milentijevic, Vojislav"]
[Black "Babic, Dragan U"]
[Result "1/2-1/2"]
[WhiteElo "2068"]
[BlackElo "2087"]
[PlyCount "57"]
[EventDate "2012.10.13"]
[EventType "team-tourn"]
[EventRounds "11"]
[EventCountry "SRB"]
[SourceTitle "EXT 2019"]
[Source "ChessBase"]
[SourceDate "2018.10.10"]
[SourceVersion "1"]
[SourceVersionDate "2018.10.10"]
[SourceQuality "1"]

1. e4 c5 2. Nc3 a6 3. g3 b5 4. Bg2 Bb7 5. f4 e6 6. d3 g6 7. Nf3 Bg7 8. 0-0 Ne7 9. Be3 Qc7 10. e5 d5 11. exd6 Qxd6 12. Ne4 Bxe4 13. dxe4 Qxd1 14. Raxd1 Bxb2 15. Bxc5 Nd7 16. Bd4 Bxd4+ 17. Rxd4 Rc8 18. Rfd1 Nc5 19. Ne5 0-0 20. c4 b4 21. Nd7 Nxd7 22. Rxd7 Nc6 23. R7d6 a5 24. c5 a4 25. e5 Na5 26. R6d4 b3 27. Rxa4 Rxc5 28. axb3 Nxb3 29. Rb4 1/2-1/2

[Event "Belgrade-chT Quality"]
[Site "Belgrade"]
[Date "2012.10.28"]
[Round "6.3"]
[White "Babic, Dragan U"]
[Black "Jandric, Damjan"]
[Result "1/2-1/2"]
[WhiteElo "2087"]
[BlackElo "2066"]
[PlyCount "88"]
[EventDate "2012.10.13"]
[EventType "team-tourn"]
[EventRounds "11"]
[EventCountry "SRB"]
[SourceTitle "EXT 2019"]
[Source "ChessBase"]
[SourceDate "2018.10.10"]
[SourceVersion "1"]
[SourceVersionDate "2018.10.10"]
[SourceQuality "1"]

1. e4 c5 2. Nf3 d6 3. d4 cxd4 4. Nxd4 Nf6 5. Nc3 a6 6. f3 e5 7. Nb3 Be6 8. Be3 Be7 9. Qd2 0-0 10. 0-0-0 a5 11. Bb5 Na6 12. Qf2 Qb8 13. Na4 Nc7 14. Bd3 b5 15. Nb6 a4 16. Nxa8 Qxa8 17. Bb6 Rc8 18. Nd2 a3 19. b3 Qc6 20. Ba5 Nd7 21. Bb4 Ra8 22. Qe2 Nc5 23. Kb1 d5 24. exd5 Nxd5 25. Bxb5 Qb6 26. c3 Na4 27. bxa4 Bxb4 28. Ne4 Bxc3 29. Rxd5 Rxa4 30. Nxc3 Rb4+ 31. Ka1 Bxd5 32. Qxe5 Be6 33. Rb1 Rxb1+ 34. Kxb1 h6 35. Qe2 Qc5 36. Qd2 Qb4+ 37. Kc1 Bxa2 38. Qxa2 Qxc3+ 39. Kd1 Qc5 40. Bf1 Qd4+ 41. Ke1 Qc3+ 42. Kf2 Qd4+ 43. Kg3 Qe5+ 44. Kh3 Qh5+ 1/2-1/2